| 000 | 00494nam a22001337a 4500 | ||
|---|---|---|---|
| 008 | 230727b |||||||| |||| 00| 0 eng d | ||
| 040 |
_aNational Science Library _cNational Science Library |
||
| 100 | 1 |
_aLandsberg, H E _912833 |
|
| 245 |
_aInterdiurnal variability of pressure and temperature in the conterminous United States _c/ US Department of Commerce |
||
| 260 |
_aWashington: _bUS Department of Commerce, _c1966 |
||
| 300 | _a53p. | ||
| 500 | _aTechnical paper no. 56 | ||
| 942 |
_2udc _cREF |
||
| 999 |
_c55682 _d55682 |
||